000 00536cam a2200193ua 4500
020 _a0 87692 221 3
_c35.00
041 _aeng
_h
082 _a630.33
_bSNO/AG
100 _aSnodgrass, MIlton M .
245 _aAgriculture , Economics and resource management /
_cMilton M Snodgrass.
_hTextual Documents
250 _a2 /
_b.
260 _aNew Delhi :
_bPrentice Hall of India Pvt Ltd. ,
_c1984.
300 _a545 ; .
365 _a35.00
504 _a
700 1 _aWallace, L T .
942 _cBK
999 _c9395
_d9395